000
00367nam a2200133Ia 4500
008
151001s9999||||xx |||||||||||||| ||und||
100
_a
स्टॅनले गार्डनर अर्ल
245
_a
अजब गुंतागुंत
250
_a
1
260
_b
निशिगंधा
260
_c
1995
300
_a
211
365
_b
18
999
_c
970600
_d
970597